[Event "22nd ETCC Women 2019"]
[Site "Batumi"]
[Date "2019.10.24"]
[Round "1.23"]
[White "Manova, Ivana"]
[Black "Velikic, Adela"]
[Result "0-1"]
[WhiteElo "1795"]
[BlackElo "2275"]
[Annotator "NA"]
[PlyCount "68"]
[EventDate "2019.10.24"]
[EventType "team-tourn"]
[EventCountry "GEO"]
[SourceTitle "playchess.com"]
[Source "ChessBase"]
[SourceQuality "1"]
[WhiteTeam "Macedonia"]
[BlackTeam "Serbia"]
[WhiteTeamCountry "MKD"]
[BlackTeamCountry "SRB"]
[TimeControl "40/5400+30:1800+30"]

1. e4 {[%emt 0:00:00]} c5 {[%emt 0:00:00]} 2. Nc3 {[%emt 0:00:00]} e6 {[%emt 0:00:00]} 3. Nf3 {[%emt 0:00:27]} d6 {[%emt 0:00:00]} 4. d4 {[%emt 0:03:04]} cxd4 {[%emt 0:00:00]} 5. Nxd4 {[%emt 0:08:18]} Nf6 {[%emt 0:00:05]} 6. Bb5+ {[%emt 0:05:10]} Nbd7 {[%emt 0:05:06]} 7. O-O {[%emt 0:02:42]} Be7 {[%emt 0:10:40]} 8. f4 {[%emt 0:06:58]} O-O {[%emt 0:16:24]} 9. Bxd7 {[%emt 0:06:42]} Qxd7 {[%emt 0:07:48]} 10. f5 {[%emt 0:12:34]} b6 {[%emt 0:19:37]} 11. Qd3 {[%emt 0:13:42]} Bb7 {[%emt 0:11:59]} 12. fxe6 {[%emt 0:13:23]} fxe6 {[%emt 0:00:07]} 13. Bd2 {[%emt 0:12:48]} d5 {[%emt 0:13:50]} 14. exd5 {[%emt 0:02:16]} exd5 {[%emt 0:02:12]} 15. Rae1 {[%emt 0:02:18]} Bc5 {[%emt 0:01:43]} 16. Kh1 {[%emt 0:01:01]} Ne4 {[%emt 0:01:27]} 17. Be3 {[%emt 0:02:18]} Rad8 {[%emt 0:04:05]} 18. Rxf8+ {[%emt 0:02:58]} Rxf8 {[%emt 0:00:07]} 19. Nxe4 {[%emt 0:00:50]} dxe4 {[%emt 0:00:07]} 20. Qd1 {[%emt 0:01:29]} Qf7 {[%emt 0:02:44]} 21. Qe2 {[%emt 0:00:43]} Qxa2 {[%emt 0:01:11]} 22. b3 {[%emt 0:00:43]} Ba6 {[%emt 0:00:52]} 23. Qg4 {[%emt 0:00:10]} Qa5 {[%emt 0:00:23]} 24. Rg1 Qc3 {[%emt 0:00:58]} 25. Qxe4 {[%emt 0:01:01]} Kh8 {[%emt 0:00:26]} 26. Rd1 {[%emt 0:00:45]} Bb7 {[%emt 0:00:36]} 27. Qd3 {[%emt 0:00:36]} Qxd3 {[%emt 0:00:16]} 28. Rxd3 {[%emt 0:00:30]} Rf1+ {[%emt 0:00:16]} 29. Bg1 {[%emt 0:00:03]} Be4 {[%emt 0:00:42]} 30. Rd2 {[%emt 0:00:21]} h6 {[%emt 0:00:20]} 31. c4 {[%emt 0:00:56]} Rb1 {[%emt 0:00:33]} 32. h3 {[%emt 0:00:33]} a5 {[%emt 0:00:42]} 33. Kh2 {[%emt 0:00:25]} Kh7 {[%emt 0:00:19]} 34. Be3 {[%emt 0:00:44]} Bd6+ {[%emt 0:00:28]} 0-1

[Event "22nd ETCC Women 2019"]
[Site "Batumi"]
[Date "2019.10.24"]
[Round "1.24"]
[White "Gajcin, Marina"]
[Black "Koskoska, Gabriela"]
[Result "1-0"]
[WhiteElo "2262"]
[BlackElo "2036"]
[Annotator "NA"]
[PlyCount "99"]
[EventDate "2019.10.24"]
[EventType "team-tourn"]
[EventCountry "GEO"]
[SourceTitle "playchess.com"]
[Source "ChessBase"]
[SourceQuality "1"]
[WhiteTeam "Serbia"]
[BlackTeam "Macedonia"]
[WhiteTeamCountry "SRB"]
[BlackTeamCountry "MKD"]
[TimeControl "40/5400+30:1800+30"]

1. e4 {[%emt 0:00:00]} c6 {[%emt 0:00:00]} 2. Nf3 {[%emt 0:00:00]} d5 {[%emt 0:00:08]} 3. Nc3 {[%emt 0:00:01]} Bg4 {[%emt 0:00:55]} 4. h3 {[%emt 0:00:17]} Bxf3 {[%emt 0:00:21]} 5. Qxf3 {[%emt 0:00:08]} e6 {[%emt 0:01:07]} 6. Be2 {[%emt 0:03:02]} Nd7 {[%emt 0:03:32]} 7. d4 {[%emt 0:02:23]} g6 {[%emt 0:05:22]} 8. Bf4 {[%emt 0:13:53]} Bg7 {[%emt 0:03:31]} 9. O-O-O {[%emt 0:06:33]} Ne7 {[%emt 0:06:32]} 10. h4 {[%emt 0:06:44]} h6 {[%emt 0:05:30]} 11. Qg3 {[%emt 0:11:43]} a6 {[%emt 0:15:05]} 12. h5 g5 {[%emt 0:09:59]} 13. Bc7 {[%emt 0:10:05]} Qc8 {[%emt 0:00:04]} 14. Bd6 {[%emt 0:04:13]} Qd8 {[%emt 0:03:09]} 15. Kb1 {[%emt 0:03:31]} Nc8 {[%emt 0:13:34]} 16. Bc7 {[%emt 0:06:02]} Qe7 {[%emt 0:02:45]} 17. f4 {[%emt 0:06:13]} O-O {[%emt 0:05:16]} 18. fxg5 Qxg5 19. Qh2 {[%emt 0:06:48]} b5 {[%emt 0:03:48]} 20. Bf4 {[%emt 0:05:52]} Qe7 {[%emt 0:00:17]} 21. exd5 {[%emt 0:01:12]} cxd5 {[%emt 0:03:30]} 22. Rhe1 {[%emt 0:00:06]} Nf6 {[%emt 0:06:20]} 23. Bf3 {[%emt 0:00:08]} Rd8 {[%emt 0:00:29]} 24. g4 {[%emt 0:00:57]} b4 {[%emt 0:00:24]} 25. Na4 {[%emt 0:01:03]} Nh7 {[%emt 0:00:41]} 26. Qg2 {[%emt 0:04:36]} Ng5 {[%emt 0:02:12]} 27. Rd3 {[%emt 0:01:31]} Qa7 {[%emt 0:02:46]} 28. Qd2 {[%emt 0:02:22]} Nxf3 {[%emt 0:04:19]} 29. Rxf3 {[%emt 0:00:01]} Qxd4 {[%emt 0:00:01]} 30. Rd3 {[%emt 0:00:19]} Qf6 {[%emt 0:00:10]} 31. g5 {[%emt 0:02:17]} Qf5 {[%emt 0:01:28]} 32. Rg3 e5 33. gxh6 {[%emt 0:01:37]} Qxf4 {[%emt 0:01:38]} 34. Rxg7+ {[%emt 0:01:02]} Kh8 {[%emt 0:00:53]} 35. Qxf4 {[%emt 0:00:28]} exf4 {[%emt 0:00:01]} 36. Rxf7 {[%emt 0:00:07]} Nd6 {[%emt 0:00:26]} 37. Rxf4 {[%emt 0:00:14]} Ne4 {[%emt 0:01:19]} 38. Kc1 {[%emt 0:00:44]} Rd6 {[%emt 0:00:21]} 39. Rd1 {[%emt 0:01:04]} Rad8 {[%emt 0:00:24]} 40. Rd4 {[%emt 0:00:00]} Kh7 {[%emt 0:00:00]} 41. Rxb4 {[%emt 0:09:25]} Kxh6 {[%emt 0:03:10]} 42. Rf5 {[%emt 0:02:18]} Ng3 {[%emt 0:03:09]} 43. Re5 {[%emt 0:00:21]} d4 {[%emt 0:01:39]} 44. Nc5 {[%emt 0:01:47]} Rc8 {[%emt 0:09:23]} 45. Re6+ {[%emt 0:03:21]} Rxe6 {[%emt 0:00:19]} 46. Nxe6 {[%emt 0:00:03]} d3 {[%emt 0:00:31]} 47. c3 {[%emt 0:01:00]} Rc6 {[%emt 0:07:33]} 48. Nf4 {[%emt 0:01:05]} Rd6 {[%emt 0:02:27]} 49. Rd4 {[%emt 0:01:58]} Ne2+ {[%emt 0:00:48]} 50. Nxe2 {[%emt 0:00:06]} 1-0

[Event "22nd ETCC Women 2019"]
[Site "Batumi"]
[Date "2019.10.24"]
[Round "1.24"]
[White "Bengtsson, Siv"]
[Black "Benmesbah, Natacha"]
[Result "0-1"]
[WhiteElo "2086"]
[BlackElo "2265"]
[Annotator "NA"]
[PlyCount "42"]
[EventDate "2019.10.24"]
[EventType "team-tourn"]
[EventCountry "GEO"]
[SourceTitle "playchess.com"]
[Source "ChessBase"]
[SourceQuality "1"]
[WhiteTeam "Sweden"]
[BlackTeam "France"]
[WhiteTeamCountry "SWE"]
[BlackTeamCountry "FRA"]
[TimeControl "40/5400+30:1800+30"]

1. e4 {[%emt 0:00:00]} c5 {[%emt 0:00:00]} 2. Nf3 {[%emt 0:00:00]} Nc6 {[%emt 0:00:00]} 3. d4 {[%emt 0:00:00]} cxd4 {[%emt 0:00:00]} 4. Nxd4 {[%emt 0:00:08]} Nf6 {[%emt 0:00:52]} 5. Nc3 {[%emt 0:01:12]} e5 {[%emt 0:00:41]} 6. Ndb5 {[%emt 0:02:00]} d6 {[%emt 0:03:42]} 7. Bg5 {[%emt 0:02:43]} a6 {[%emt 0:00:13]} 8. Bxf6 {[%emt 0:03:08]} gxf6 {[%emt 0:00:05]} 9. Na3 {[%emt 0:00:06]} f5 {[%emt 0:04:41]} 10. exf5 {[%emt 0:07:49]} Bxf5 {[%emt 0:00:43]} 11. Nd5 {[%emt 0:03:37]} Bg7 {[%emt 0:07:36]} 12. Nc4 {[%emt 0:10:49]} O-O {[%emt 0:11:28]} 13. Nde3 {[%emt 0:17:12]} Be6 {[%emt 0:04:12]} 14. Qxd6 {[%emt 0:09:26]} Qf6 {[%emt 0:08:15]} 15. Bd3 {[%emt 0:09:26]} Rfd8 {[%emt 0:22:08]} 16. Qc7 {[%emt 0:06:45]} Rd7 {[%emt 0:06:05]} 17. Qb6 {[%emt 0:00:16]} e4 {[%emt 0:03:04]} 18. Bxe4 {[%emt 0:06:26]} Bxc4 {[%emt 0:01:09]} 19. Bxc6 {[%emt 0:03:51]} Bb5 {[%emt 0:03:39]} 20. c3 {[%emt 0:07:24]} Qxc3+ {[%emt 0:01:05]} 21. bxc3 {[%emt 0:00:08]} Bxc3# 0-1

[Event "22nd ETCC Women 2019"]
[Site "Batumi"]
[Date "2019.10.24"]
[Round "1.25"]
[White "Hagarova, Zuzana"]
[Black "Koridze, Lile"]
[Result "0-1"]
[WhiteElo "2295"]
[BlackElo "1988"]
[Annotator "NA"]
[PlyCount "116"]
[EventDate "2019.10.24"]
[EventType "team-tourn"]
[EventCountry "GEO"]
[SourceTitle "playchess.com"]
[Source "ChessBase"]
[SourceQuality "1"]
[WhiteTeam "Slovakia"]
[BlackTeam "Georgia"]
[WhiteTeamCountry "SVK"]
[BlackTeamCountry "GEO"]
[TimeControl "40/5400+30:1800+30"]

1. e4 {[%emt 0:00:00]} c5 {[%emt 0:00:00]} 2. Nc3 {[%emt 0:00:00]} Nc6 {[%emt 0:00:00]} 3. f4 {[%emt 0:00:12]} e6 {[%emt 0:01:15]} 4. Nf3 {[%emt 0:02:00]} a6 {[%emt 0:00:24]} 5. Be2 {[%emt 0:09:15]} Be7 {[%emt 0:03:25]} 6. O-O {[%emt 0:02:44]} Nf6 {[%emt 0:06:17]} 7. Kh1 {[%emt 0:07:53]} b5 {[%emt 0:04:42]} 8. e5 {[%emt 0:03:09]} Ng8 {[%emt 0:01:22]} 9. d4 {[%emt 0:06:04]} cxd4 {[%emt 0:02:19]} 10. Nxd4 {[%emt 0:00:26]} Bb7 {[%emt 0:01:08]} 11. Bf3 {[%emt 0:02:55]} Nh6 {[%emt 0:03:46]} 12. Be3 {[%emt 0:08:41]} Qc7 {[%emt 0:06:05]} 13. Nb3 {[%emt 0:09:46]} Nf5 {[%emt 0:11:59]} 14. Bf2 {[%emt 0:01:40]} O-O {[%emt 0:04:50]} 15. Nc5 {[%emt 0:08:42]} Bc8 {[%emt 0:20:43]} 16. N3e4 {[%emt 0:01:29]} Rd8 {[%emt 0:03:17]} 17. g4 {[%emt 0:05:13]} d5 {[%emt 0:00:37]} 18. exd6 {[%emt 0:10:06]} Nxd6 {[%emt 0:00:20]} 19. Qe2 {[%emt 0:00:52]} Rb8 {[%emt 0:01:55]} 20. c3 {[%emt 0:08:24]} Na5 {[%emt 0:05:38]} 21. Rad1 {[%emt 0:04:23]} Nac4 {[%emt 0:02:31]} 22. Bg3 {[%emt 0:02:04]} Nxe4 {[%emt 0:02:15]} 23. Nxe4 {[%emt 0:00:15]} Bb7 {[%emt 0:02:47]} 24. f5 {[%emt 0:01:04]} e5 {[%emt 0:00:08]} 25. f6 {[%emt 0:03:38]} Bxe4 {[%emt 0:00:13]} 26. Bxe4 {[%emt 0:00:53]} Rxd1 {[%emt 0:00:18]} 27. Rxd1 {[%emt 0:00:21]} Bxf6 {[%emt 0:00:05]} 28. Qf2 {[%emt 0:01:08]} Rd8 {[%emt 0:00:51]} 29. Rf1 {[%emt 0:00:25]} Nd2 {[%emt 0:02:05]} 30. Re1 {[%emt 0:00:33]} Nxe4 {[%emt 0:00:13]} 31. Rxe4 {[%emt 0:00:03]} Qc6 {[%emt 0:01:11]} 32. Qe2 {[%emt 0:00:19]} Rd1+ {[%emt 0:00:36]} 33. Qxd1 {[%emt 0:00:30]} Qxe4+ {[%emt 0:00:05]} 34. Kg1 {[%emt 0:00:05]} h6 {[%emt 0:00:19]} 35. Bf2 {[%emt 0:00:46]} Bg5 {[%emt 0:00:27]} 36. Qd7 {[%emt 0:01:15]} Qf4 {[%emt 0:02:45]} 37. h4 {[%emt 0:00:24]} Bf6 {[%emt 0:01:11]} 38. Kg2 {[%emt 0:00:47]} Qe4+ {[%emt 0:01:04]} 39. Kg1 {[%emt 0:00:31]} Qf3 {[%emt 0:01:15]} 40. Qc8+ {[%emt 0:00:00]} Kh7 {[%emt 0:00:00]} 41. h5 {[%emt 0:09:03]} e4 {[%emt 0:04:55]} 42. Bd4 {[%emt 0:04:44]} Bh4 {[%emt 0:10:15]} 43. Qf5+ {[%emt 0:04:59]} Qxf5 {[%emt 0:00:23]} 44. gxf5 {[%emt 0:00:03]} g6 {[%emt 0:00:24]} 45. fxg6+ {[%emt 0:07:04]} fxg6 {[%emt 0:00:06]} 46. b3 {[%emt 0:02:53]} gxh5 {[%emt 0:00:41]} 47. c4 {[%emt 0:01:34]} bxc4 {[%emt 0:00:22]} 48. bxc4 {[%emt 0:00:04]} Kg6 {[%emt 0:00:03]} 49. c5 {[%emt 0:03:09]} Kf5 {[%emt 0:00:16]} 50. c6 {[%emt 0:00:08]} Bg3 {[%emt 0:01:31]} 51. Kg2 {[%emt 0:01:03]} Bc7 {[%emt 0:00:13]} 52. Bf2 {[%emt 0:01:18]} Ke6 {[%emt 0:00:12]} 53. Be3 {[%emt 0:00:43]} Kd5 {[%emt 0:00:20]} 54. Bxh6 {[%emt 0:00:38]} Kxc6 {[%emt 0:00:05]} 55. Bg5 {[%emt 0:00:28]} Kd5 {[%emt 0:00:22]} 56. Kf2 {[%emt 0:00:20]} Bb6+ {[%emt 0:00:57]} 57. Ke2 {[%emt 0:00:06]} Kc4 {[%emt 0:00:07]} 58. Bf6 {[%emt 0:00:29]} Bd4 {[%emt 0:00:06]} 0-1

[Event "22nd ETCC Women 2019"]
[Site "Batumi"]
[Date "2019.10.24"]
[Round "1.25"]
[White "Golubenko, Valentina"]
[Black "Gara, Anita"]
[Result "1/2-1/2"]
[WhiteElo "2274"]
[BlackElo "2366"]
[Annotator "TA"]
[PlyCount "106"]
[EventDate "2019.10.24"]
[EventType "team-tourn"]
[EventCountry "GEO"]
[SourceTitle "playchess.com"]
[Source "ChessBase"]
[SourceQuality "1"]
[WhiteTeam "Croatia"]
[BlackTeam "Hungary"]
[WhiteTeamCountry "CRO"]
[BlackTeamCountry "HUN"]

{[%evp 10,106,24,0,13,5,0,5,0,5,16,15,28,-7,-11,-26,-20,-21,-8,-29,-13,-27,-18,-39,3,4,8,8,2,4,2,12,38,0,43,44,45,42,47,41,44,46,207,47,206,189,282,270,270,163,171,162,217,190,178,163,168,50,147,34,116,22,34,0,168,78,75,55,64,0,0,0,0,0,0,0,0,-5,-5,-5,-5,-5,-5,-5,-12,-12,0,0,0,0,0,0,0,0,0,0,0,0,0]} 1. d4 Nf6 2. c4 g6 3. g3 c6 4. Nf3 Bg7 5. Bg2 d5 6. Qb3 a5 {D73: Fianchetto Grünfeld: 5 Nf3} (6... O-O 7. O-O Qb6 8. Nc3 Rd8 9. Bd2 dxc4 10. Qxc4 Be6 11. Qa4 Bf5 12. Rfe1 Ne4 13. Nxe4 Bxe4 14. Ba5 Qa6 15. Qa3 Re8 16. Bf1 c5 {½-½ (38) Tomashevsky,E (2718)-Nepomniachtchi,I (2776) Khanty-Mansiysk 2019}) 7. cxd5 a4 8. Qd1 cxd5 9. O-O O-O 10. Nc3 Ne4 11. Nxa4 Qa5 12. Nc5 Nxc5 13. dxc5 Qxc5 14. Be3 Qd6 $146 ({Predecessor:} 14... Qb5 15. Bd4 f6 {0-1 (42) Hejazipour,M (2274)-Kanter,E (2406) Al Ain 2013}) 15. Nd4 Bd7 16. Qb3 Nc6 {[%cal Bb8c6,Bc6b4,Bb4c2,Bc2d4,Bd4e2][%mdl 32]} 17. Nb5 Qb4 18. Qxb4 Nxb4 19. Nc7 Ra5 20. Bd2 Ra4 (20... Rc5 $5 {[%cal Rb4c2]}) 21. a3 ({Don't go for} 21. Nxd5 $2 Nxd5 22. Bxd5 Rd4 $19) 21... Nc2 22. Ra2 $1 Nd4 {And now ...e6 would win.} 23. Nxd5 Nxe2+ 24. Kh1 Be6 25. b3 $36 {[%mdl 2048] White has the initiative.} Rd4 $2 (25... Raa8 $14) 26. Nxe7+ $18 {[%mdl 64] Discovered Attack} Kh8 27. Bb4 ({Stronger than} 27. Bxb7 Rd7 $17) 27... Bxb3 (27... Rxb4 $142 28. axb4 Nc3) 28. Rxe2 Bc4 29. Ree1 Bxf1 30. Rxf1 Rd7 (30... Rfd8 $142 31. Bf3 (31. Bxb7 Rxb4 32. axb4 Rd7 $16) 31... Bf8) 31. Rc1 Rfd8 {Threatens to win with ...Rd1+.} 32. Bf3 Bf8 {[#]} 33. Re1 (33. Bc3+ $1 $18 Bg7 34. Ba5) 33... f6 {[#]} ({Black should try} 33... Kg7 $1 $14) 34. Bg4 ({White should play} 34. Nd5 $1 $16) 34... Rd3 (34... f5 $14 35. Bh3 Rd1) 35. Ba5 (35. Kg2 $16) 35... Ra8 36. Bb4 {Strongly threatening Be2.} Kg7 $2 (36... Rad8 $1 $11 {and Black is okay.}) 37. Be2 (37. Rc1 $18) 37... Rd4 $16 38. Bf3 Rad8 $1 39. Bxb7 ({Better is} 39. Rb1 $14) 39... Rd1 $11 {The position is equal.} 40. Rxd1 Rxd1+ 41. Kg2 {Nd5 is the strong threat.} Bxe7 $1 42. Bxe7 {Black must now prevent Bb4.} Rd7 $1 {[%csl LRb7,LRe7][%mdl 64] Double Attack} 43. Bxf6+ $1 Kxf6 {[%mdl 4096] Endgame KR-KB} 44. Bc6 Rc7 45. Bb5 Rc3 46. a4 Ra3 47. Bc6 g5 48. Bb5 Ke5 49. Bd7 h6 50. Be8 Kd4 51. Bb5 h5 52. Be8 h4 53. Kh3 hxg3 {Accuracy: White = 46%, Black = 52%.} 1/2-1/2

[Event "22nd ETCC Women 2019"]
[Site "Batumi"]
[Date "2019.10.24"]
[Round "1.26"]
[White "Lazarne Vajda, Szidonia"]
[Black "Franciskovic, Borka"]
[Result "1/2-1/2"]
[WhiteElo "2353"]
[BlackElo "2262"]
[Annotator "NA"]
[PlyCount "88"]
[EventDate "2019.10.24"]
[EventType "team-tourn"]
[EventCountry "GEO"]
[SourceTitle "playchess.com"]
[Source "ChessBase"]
[SourceQuality "1"]
[WhiteTeam "Hungary"]
[BlackTeam "Croatia"]
[WhiteTeamCountry "HUN"]
[BlackTeamCountry "CRO"]
[TimeControl "40/5400+30:1800+30"]

1. d4 Nf6 2. c4 e6 3. Nc3 Bb4 4. e3 c5 5. Nge2 cxd4 6. exd4 d5 7. c5 O-O 8. a3 Ba5 9. b4 Bc7 10. g3 e5 11. Bg2 exd4 12. Nxd4 a5 13. Be3 Bg4 14. f3 Re8 15. Kf2 axb4 16. axb4 Rxa1 17. Qxa1 Nbd7 18. Rd1 Ne5 19. Bg5 Be6 20. Kg1 h6 21. Bxf6 Qxf6 22. Ncb5 Bb8 23. Nxe6 fxe6 24. f4 Nc6 25. Qxf6 gxf6 26. f5 exf5 27. Bxd5+ Kh7 28. Bxc6 bxc6 29. Rd7+ Kg6 30. Nd4 Rc8 31. Ne6 f4 32. gxf4 Kf5 33. Rd8 Rxd8 34. Nxd8 Bxf4 35. Nxc6 Ke6 36. Kg2 Kd5 37. Ne7+ Ke6 38. Nc8 Kd5 39. Nb6+ Kc6 40. h3 Bd2 41. Nc8 Bxb4 42. Ne7+ Kxc5 43. Ng8 Kd5 44. Nxf6+ Ke6 1/2-1/2

[Event "22nd ETCC Women 2019"]
[Site "Batumi"]
[Date "2019.10.24"]
[Round "1.26"]
[White "Pipia, Ekaterine"]
[Black "Movsesian, Julia"]
[Result "0-1"]
[WhiteElo "1935"]
[BlackElo "2307"]
[Annotator "NA"]
[PlyCount "90"]
[EventDate "2019.10.24"]
[EventType "team-tourn"]
[EventCountry "GEO"]
[SourceTitle "playchess.com"]
[Source "ChessBase"]
[SourceQuality "1"]
[WhiteTeam "Georgia"]
[BlackTeam "Slovakia"]
[WhiteTeamCountry "GEO"]
[BlackTeamCountry "SVK"]
[TimeControl "40/5400+30:1800+30"]

1. d4 {[%emt 0:00:00]} Nf6 {[%emt 0:00:38]} 2. c4 {[%emt 0:00:00]} e6 {[%emt 0:00:25]} 3. Nf3 {[%emt 0:00:00]} d5 {[%emt 0:00:56]} 4. Bg5 {[%emt 0:00:00]} Be7 {[%emt 0:01:32]} 5. Nc3 {[%emt 0:00:14]} Nbd7 {[%emt 0:00:40]} 6. e3 {[%emt 0:00:09]} h6 {[%emt 0:02:39]} 7. Bh4 {[%emt 0:00:24]} O-O $11 {[%emt 0:04:42]} 8. Rc1 {[%emt 0:02:57]} b6 {[%emt 0:12:14]} 9. cxd5 {[%emt 0:02:52]} exd5 {[%emt 0:02:00]} 10. Bd3 {[%emt 0:01:20]} Bb7 {[%emt 0:01:07]} 11. O-O {[%emt 0:02:53]} a6 {[%emt 0:01:33]} 12. Bb1 {[%emt 0:05:06]} Bd6 {[%emt 0:11:34]} 13. Qd3 {[%emt 0:04:47]} Re8 {[%emt 0:04:51]} 14. Ne2 {[%emt 0:06:00]} Nf8 {[%emt 0:06:14]} 15. Ne5 {[%emt 0:09:56]} c5 {[%emt 0:10:57]} 16. f4 {[%emt 0:06:08]} Be7 {[%emt 0:02:50]} 17. g4 {[%emt 0:06:13]} Nxg4 {[%emt 0:04:00]} 18. Qf5 {[%emt 0:21:37]} Nf6 {[%emt 0:09:09]} 19. Ng3 {[%emt 0:02:44]} g6 {[%emt 0:03:37]} 20. Qh3 {[%emt 0:03:28]} Bc8 {[%emt 0:03:58]} 21. Qg2 {[%emt 0:03:09]} Qd6 {[%emt 0:03:06]} 22. Nf5 {[%emt 0:05:20]} Bxf5 {[%emt 0:00:31]} 23. Bxf5 {[%emt 0:00:03]} Nh5 {[%emt 0:06:07]} 24. Bxe7 {[%emt 0:02:21]} Rxe7 {[%emt 0:00:20]} 25. b4 {[%emt 0:02:47]} c4 {[%emt 0:02:41]} 26. Nxc4 {[%emt 0:05:10]} dxc4 {[%emt 0:01:13]} 27. Qxa8 {[%emt 0:00:27]} gxf5 {[%emt 0:00:06]} 28. Qf3 {[%emt 0:02:07]} Nf6 {[%emt 0:00:08]} 29. Rxc4 {[%emt 0:00:45]} Nd5 {[%emt 0:00:38]} 30. Re1 {[%emt 0:02:33]} Nxb4 {[%emt 0:01:24]} 31. Qh3 {[%emt 0:03:04]} Nd5 {[%emt 0:00:56]} 32. Kf2 {[%emt 0:00:49]} Qe6 {[%emt 0:00:39]} 33. Qg3+ {[%emt 0:00:28]} Ng6 {[%emt 0:00:24]} 34. Rcc1 {[%emt 0:00:25]} Nf6 {[%emt 0:00:35]} 35. Kg1 {[%emt 0:00:38]} Qxa2 {[%emt 0:00:56]} 36. Rc6 {[%emt 0:00:30]} Re6 {[%emt 0:00:50]} 37. Rc8+ {[%emt 0:00:33]} Kg7 {[%emt 0:00:15]} 38. h4 {[%emt 0:00:13]} h5 {[%emt 0:01:30]} 39. Qh3 {[%emt 0:00:47]} Nxf4 {[%emt 0:00:44]} 40. Qg3+ {[%emt 0:00:00]} Ng6 {[%emt 0:00:00]} 41. Rf1 {[%emt 0:02:27]} Re4 {[%emt 0:04:26]} 42. Rf4 {[%emt 0:01:33]} Rxf4 {[%emt 0:02:57]} 43. exf4 {[%emt 0:00:04]} Qa1+ {[%emt 0:00:16]} 44. Kg2 {[%emt 0:00:15]} Qxd4 {[%emt 0:00:13]} 45. Rb8 {[%emt 0:00:42]} Ne4 {[%emt 0:00:28]} 0-1

[Event "22nd ETCC Women 2019"]
[Site "Batumi"]
[Date "2019.10.24"]
[Round "1.27"]
[White "Cibickova, Zuzana"]
[Black "Esadze, Tamari"]
[Result "1-0"]
[WhiteElo "2258"]
[BlackElo "1885"]
[Annotator "NA"]
[PlyCount "63"]
[EventDate "2019.10.24"]
[EventType "team-tourn"]
[EventCountry "GEO"]
[SourceTitle "playchess.com"]
[Source "ChessBase"]
[SourceQuality "1"]
[WhiteTeam "Slovakia"]
[BlackTeam "Georgia"]
[WhiteTeamCountry "SVK"]
[BlackTeamCountry "GEO"]
[TimeControl "40/5400+30:1800+30"]

1. e4 {[%emt 0:00:00]} c5 {[%emt 0:00:00]} 2. Nf3 {[%emt 0:00:00]} d6 {[%emt 0:00:00]} 3. d4 {[%emt 0:00:00]} cxd4 {[%emt 0:00:00]} 4. Nxd4 {[%emt 0:00:00]} Nf6 {[%emt 0:00:00]} 5. Nc3 {[%emt 0:00:00]} a6 {[%emt 0:00:05]} 6. h3 {[%emt 0:00:46]} e5 {[%emt 0:01:12]} 7. Nde2 {[%emt 0:00:06]} Be7 {[%emt 0:01:18]} 8. g4 {[%emt 0:00:57]} Be6 {[%emt 0:06:43]} 9. Bg2 {[%emt 0:03:05]} O-O {[%emt 0:09:10]} 10. O-O {[%emt 0:02:52]} Nc6 {[%emt 0:12:31]} 11. Nd5 {[%emt 0:09:40]} b5 {[%emt 0:12:00]} 12. Be3 {[%emt 0:04:00]} Bxd5 {[%emt 0:13:32]} 13. exd5 {[%emt 0:00:10]} Na5 {[%emt 0:00:08]} 14. b3 {[%emt 0:04:11]} Qc7 {[%emt 0:04:53]} 15. Qd2 {[%emt 0:05:37]} Nb7 {[%emt 0:05:51]} 16. Rfc1 {[%emt 0:09:45]} Rfc8 {[%emt 0:04:45]} 17. c4 {[%emt 0:06:38]} bxc4 {[%emt 0:07:32]} 18. Rxc4 {[%emt 0:00:14]} Qd7 {[%emt 0:00:50]} 19. Rac1 {[%emt 0:08:32]} Rxc4 {[%emt 0:03:35]} 20. Rxc4 {[%emt 0:00:09]} Rc8 {[%emt 0:01:28]} 21. Qc3 {[%emt 0:01:20]} Rxc4 {[%emt 0:00:35]} 22. Qxc4 {[%emt 0:00:05]} a5 {[%emt 0:04:48]} 23. a3 {[%emt 0:03:02]} Bd8 {[%emt 0:05:27]} 24. Nc3 {[%emt 0:06:28]} Ne8 {[%emt 0:04:00]} 25. b4 {[%emt 0:04:30]} axb4 {[%emt 0:00:12]} 26. axb4 {[%emt 0:00:05]} Qe7 {[%emt 0:01:25]} 27. Qc6 {[%emt 0:01:14]} g6 28. Bf1 {[%emt 0:12:57]} f5 {[%emt 0:01:21]} 29. Ba6 {[%emt 0:00:59]} fxg4 {[%emt 0:00:26]} 30. hxg4 {[%emt 0:00:33]} Nc7 {[%emt 0:00:39]} 31. Bxb7 {[%emt 0:00:27]} Qh4 {[%emt 0:00:06]} 32. Qd7 {[%emt 0:00:17]} 1-0